[Event "Aktobe Dvorkovich op-A"]
[Site "Aktobe"]
[Date "2025.06.25"]
[Round "4"]
[White "Akhilbay, Imangali"]
[Black "Kaldarova, Ayaulym"]
[Result "0-1"]
[WhiteElo "2385"]
[BlackElo "2172"]
[PlyCount "96"]
[EventDate "2025.06.22"]
[EventType "swiss"]
[EventRounds "9"]
[EventCountry "KAZ"]
[SourceTitle "CB27_2025"]
[SourceDate "2025.07.02"]
[SourceVersion "1"]
[SourceVersionDate "2025.07.02"]
[SourceQuality "1"]

1. e4 e5 2. Nf3 Nc6 3. Bb5 a6 4. Ba4 Nf6 5. 0-0 Be7 6. Re1 b5 7. Bb3 d6 8. h3 0-0 9. a4 Bb7 10. d3 Na5 11. Ba2 c5 12. Nbd2 h6 13. Nf1 Re8 14. Ng3 Bf8 15. c3 c4 16. axb5 axb5 17. Bb1 Nb3 18. Rxa8 Qxa8 19. d4 exd4 20. Nxd4 Nxc1 21. Qxc1 Nxe4 22. Bxe4 Bxe4 23. Nxe4 Rxe4 24. Rxe4 Qxe4 25. Nxb5 d5 26. Qd2 Bc5 27. g3 h5 28. h4 g6 29. Nd4 Bxd4 30. cxd4 Kg7 31. Kh2 Kf6 32. Kg1 Ke6 33. Qd1 Kd6 34. Qd2 Kc6 35. b3 Qb1+ 36. Kg2 Qxb3 37. Qa5 c3 38. Qc5+ Kd7 39. Qa7+ Ke6 40. Qa8 Qc4 41. Qe8+ Kd6 42. Qxf7 c2 43. Qxg6+ Kc7 44. Qh7+ Kb6 45. Qh6+ Kb5 46. Qc1 Qb3 47. Qg5 Kc4 48. g4 Qb1 0-1

[Event "Aktobe Dvorkovich op-A"]
[Site "Aktobe"]
[Date "2025.06.24"]
[Round "3"]
[White "Kaldarova, Ayaulym"]
[Black "Sapenov, Daniyal"]
[Result "0-1"]
[WhiteElo "2172"]
[BlackElo "2405"]
[PlyCount "72"]
[EventDate "2025.06.22"]
[EventType "swiss"]
[EventRounds "9"]
[EventCountry "KAZ"]
[SourceTitle "CB27_2025"]
[SourceDate "2025.07.02"]
[SourceVersion "1"]
[SourceVersionDate "2025.07.02"]
[SourceQuality "1"]

1. e4 c5 2. Nf3 d6 3. d4 cxd4 4. Nxd4 Nf6 5. Nc3 a6 6. h3 g6 7. Be3 Bg7 8. Qd2 0-0 9. 0-0-0 b5 10. a3 Bb7 11. f3 Nc6 12. g4 Rc8 13. Kb1 Ne5 14. h4 Nxf3 15. Nxf3 Nxe4 16. Nxe4 Bxe4 17. Bd3 Bxf3 18. h5 Bxd1 19. Qxd1 e6 20. Qe2 Qf6 21. Bc1 Qe5 22. Qf2 Rc7 23. g5 Rfc8 24. Qh4 Qd4 25. Qh3 Qe5 26. Rh2 Kf8 27. Re2 Qxe2 28. Bxe2 Rxc2 29. Bd3 Rxc1+ 30. Ka2 Rd1 31. Qe3 Rdc1 32. Qf4 Be5 33. Qf3 Kg7 34. hxg6 hxg6 35. Qh3 Rh8 36. Qe3 Rc5 0-1

[Event "KAZ-ch (Women)"]
[Site "Astana"]
[Date "2025.05.31"]
[Round "12"]
[White "Kaliakhmet, Elnaz"]
[Black "Kaldarova, Ayaulym"]
[Result "1-0"]
[WhiteElo "2258"]
[BlackElo "2115"]
[PlyCount "164"]
[EventDate "2025.05.21"]
[EventType "tourn"]
[EventRounds "13"]
[EventCountry "KAZ"]
[SourceTitle "CB24_2025"]
[SourceDate "2025.06.11"]
[SourceVersion "1"]
[SourceVersionDate "2025.06.11"]
[SourceQuality "1"]

1. d4 e6 2. c4 Nf6 3. Nf3 d5 4. Nc3 Be7 5. Bf4 0-0 6. e3 c5 7. dxc5 Bxc5 8. a3 Nc6 9. b4 Be7 10. Qb3 a5 11. b5 a4 12. Qc2 Na5 13. Qxa4 Bd7 14. cxd5 Nxd5 15. Nxd5 exd5 16. Qc2 Rc8 17. Qd1 Nc4 18. Bxc4 dxc4 19. 0-0 Bxb5 20. Nd4 Ba6 21. Qg4 Bf6 22. Rfd1 Bxd4 23. Rxd4 Qf6 24. Rc1 Rcd8 25. Qg3 Qg6 26. Qxg6 hxg6 27. Bd6 Rfe8 28. Kf1 f6 29. Ke1 Re6 30. Bc5 Rxd4 31. Bxd4 g5 32. h3 Kf7 33. Kd2 Ke8 34. Kc3 Kd7 35. Rb1 Kc7 36. a4 Kd7 37. Rh1 Re8 38. h4 gxh4 39. Rxh4 Ke6 40. Rh5 Rc8 41. g4 Kf7 42. Rd5 Rc7 43. f4 Ke6 44. Rd8 Rd7 45. Rh8 Kf7 46. Rh1 Re7 47. Rg1 Re8 48. Rh1 Rb8 49. a5 Bb5 50. Rb1 Ba6 51. Rb6 Re8 52. g5 fxg5 53. fxg5 Re4 54. Rd6 Rg4 55. Rd7+ Ke6 56. Rxg7 Kf5 57. Bf6 Rg3 58. Re7 Rf3 59. Kd4 Rf1 60. e4+ Kg6 61. Rg7+ Kh5 62. Rh7+ Kg6 63. Rh6+ Kf7 64. Ke5 Rg1 65. Rh7+ Kg6 66. Rg7+ Kh5 67. Kf5 Rf1+ 68. Ke6 c3 69. Bxc3 Bc4+ 70. Kd6 Rf4 71. Ke5 Rf3 72. Bd2 Bf7 73. Bf4 Bg6 74. Rxb7 Ra3 75. Bd2 Rd3 76. Rb2 Rd8 77. a6 Re8+ 78. Kf6 Bxe4 79. a7 Rf8+ 80. Ke5 Re8+ 81. Kd4 Bc6 82. Rb8 Re2 1-0

[Event "KAZ-ch (Women)"]
[Site "Astana"]
[Date "2025.05.27"]
[Round "8"]
[White "Assylkhan, Asiya"]
[Black "Kaldarova, Ayaulym"]
[Result "1-0"]
[WhiteElo "1939"]
[BlackElo "2115"]
[PlyCount "123"]
[EventDate "2025.05.21"]
[EventType "tourn"]
[EventRounds "13"]
[EventCountry "KAZ"]
[SourceTitle "CB24_2025"]
[SourceDate "2025.06.11"]
[SourceVersion "1"]
[SourceVersionDate "2025.06.11"]
[SourceQuality "1"]

1. d4 Nf6 2. c4 e6 3. Nf3 d5 4. cxd5 exd5 5. Nc3 c6 6. Bg5 Be7 7. Qc2 Nbd7 8. e3 0-0 9. Bd3 Re8 10. 0-0 h6 11. Bf4 Nf8 12. h3 Ne6 13. Bh2 Bf8 14. Rab1 Ng5 15. Ne5 Nge4 16. b4 Be6 17. a4 a5 18. b5 c5 19. dxc5 Nxc5 20. Rfd1 Rc8 21. Rbc1 Qb6 22. Bf4 d4 23. exd4 Bb3 24. Qb1 Bxd1 25. dxc5 Bxc5 26. Nxd1 Bd4 27. Rxc8 Rxc8 28. Nf3 Nd5 29. Bd2 Bc5 30. Qb3 Nb4 31. Bc4 Qc7 32. Be3 Qe7 33. Bxc5 Rxc5 34. Ne3 b6 35. Nd4 Qf6 36. Nf3 Qe7 37. Qd1 Kh7 38. Qd4 Kg8 39. Nd2 Qc7 40. g3 Re5 41. Ne4 Kh7 42. Nd6 f6 43. h4 h5 44. Ne4 Qe7 45. Nc3 Qc5 46. Qxc5 Rxc5 47. Kf1 f5 48. Ke2 g6 49. Kd2 Kg7 50. Bb3 Rc8 51. Ncd5 Rd8 52. Kc3 Nxd5+ 53. Nxd5 Rd6 54. Kd4 Rd8 55. Bc4 Kf7 56. Ke5 Re8+ 57. Kd6 Re4 58. Nxb6+ Kg7 59. Bd5 Rb4 60. Nd7 g5 61. b6 gxh4 62. gxh4 1-0

[Event "KAZ-ch (Women)"]
[Site "Astana"]
[Date "2025.05.26"]
[Round "7"]
[White "Kaldarova, Ayaulym"]
[Black "Nauanova, Zhaniya"]
[Result "1-0"]
[WhiteElo "2115"]
[BlackElo "2031"]
[PlyCount "69"]
[EventDate "2025.05.21"]
[EventType "tourn"]
[EventRounds "13"]
[EventCountry "KAZ"]
[SourceTitle "CB24_2025"]
[SourceDate "2025.06.11"]
[SourceVersion "1"]
[SourceVersionDate "2025.06.11"]
[SourceQuality "1"]

1. e4 e6 2. d4 d5 3. e5 c5 4. c3 Nc6 5. Nf3 Qb6 6. Be2 cxd4 7. cxd4 Nh6 8. Bxh6 Qxb2 9. Nbd2 gxh6 10. 0-0 Qb6 11. Rb1 Qc7 12. Qc1 Bd7 13. Nb3 Rc8 14. Qf4 Bg7 15. h4 0-0 16. Qg3 b6 17. Rbc1 f5 18. Ne1 Nxd4 19. Ba6 Qb8 20. Rd1 Nxb3 21. Bxc8 Rxc8 22. Qxb3 Qxe5 23. Nf3 Qf4 24. Qa3 Rc3 25. Qxa7 Bc6 26. Qe7 e5 27. Qe6+ Kf8 28. Qd6+ Kg8 29. Nd4 Be8 30. Ne6 Qg4 31. Nxg7 Qxg7 32. Qxd5+ Kf8 33. Qd6+ Kg8 34. Qe6+ Kf8 35. Rd8 1-0

[Event "KAZ-ch (Women)"]
[Site "Astana"]
[Date "2025.05.24"]
[Round "5"]
[White "Kaldarova, Ayaulym"]
[Black "Kairbekova, Amina"]
[Result "0-1"]
[WhiteElo "2115"]
[BlackElo "2344"]
[PlyCount "40"]
[EventDate "2025.05.21"]
[EventType "tourn"]
[EventRounds "13"]
[EventCountry "KAZ"]
[SourceTitle "CB24_2025"]
[SourceDate "2025.06.11"]
[SourceVersion "1"]
[SourceVersionDate "2025.06.11"]
[SourceQuality "1"]

1. e4 e5 2. Nf3 Nc6 3. Bc4 Nf6 4. d3 h6 5. 0-0 d6 6. c3 g5 7. a4 Bg7 8. Re1 0-0 9. Na3 Ne7 10. Nc2 Ng6 11. Ne3 c6 12. Bb3 d5 13. exd5 Nxd5 14. Nxd5 cxd5 15. d4 e4 16. Ne5 Ne7 17. Qh5 Qe8 18. c4 Nf5 19. Be3 f6 20. Ng6 Nh4 0-1

[Event "KAZ-ch (Women)"]
[Site "Astana"]
[Date "2025.05.23"]
[Round "4"]
[White "Balabayeva, Kseniya"]
[Black "Kaldarova, Ayaulym"]
[Result "1-0"]
[WhiteElo "2311"]
[BlackElo "2115"]
[PlyCount "83"]
[EventDate "2025.05.21"]
[EventType "tourn"]
[EventRounds "13"]
[EventCountry "KAZ"]
[SourceTitle "CB24_2025"]
[SourceDate "2025.06.11"]
[SourceVersion "1"]
[SourceVersionDate "2025.06.11"]
[SourceQuality "1"]

1. d4 Nf6 2. c4 e6 3. Nc3 Bb4 4. e3 0-0 5. Bd3 Re8 6. Nge2 d5 7. 0-0 Nbd7 8. a3 Bd6 9. c5 Bf8 10. f4 c6 11. Bd2 b6 12. b4 a5 13. Qc2 g6 14. h3 Bb7 15. g4 Bg7 16. Ng3 h6 17. Na4 b5 18. Nc3 Qc7 19. Nce2 axb4 20. Bxb4 Ra7 21. Rf2 Nf8 22. Raf1 Bc8 23. Rg2 Rd8 24. Kh1 Qe7 25. Kh2 Ne8 26. Ng1 f5 27. Nf3 fxg4 28. hxg4 e5 29. Nxe5 Bxe5 30. fxe5 Bxg4 31. Bxg6 Qh4+ 32. Kg1 Rg7 33. Nf5 Bxf5 34. Bxf5 Rxg2+ 35. Qxg2+ Qg5 36. Qxg5+ hxg5 37. e6 Nh7 38. e7 Ra8 39. Bd7 Nhf6 40. Bxc6 Rc8 41. Bxe8 Nxe8 42. Rf8+ 1-0

[Event "Asia-ch (Women)"]
[Site "Al Ain"]
[Date "2025.05.15"]
[Round "9"]
[White "Kaldarova, Ayaulym"]
[Black "Donchenko, Ekaterina"]
[Result "1-0"]
[WhiteElo "2115"]
[BlackElo "2154"]
[PlyCount "95"]
[EventDate "2025.05.07"]
[EventType "swiss"]
[EventRounds "9"]
[EventCountry "UAE"]
[SourceTitle "CB21_2025"]
[SourceDate "2025.05.21"]
[SourceVersion "1"]
[SourceVersionDate "2025.05.21"]
[SourceQuality "1"]

1. e4 e6 2. d4 d5 3. e5 c5 4. c3 Nc6 5. Nf3 Bd7 6. Be2 Rc8 7. 0-0 a6 8. Nbd2 cxd4 9. cxd4 Nge7 10. Nb3 Nf5 11. Bg5 Be7 12. Bxe7 Qxe7 13. Bd3 0-0 14. a3 Na7 15. Bxf5 exf5 16. Qd2 b6 17. Rfc1 Ba4 18. Qd3 Qd7 19. Nbd2 a5 20. h4 Bb5 21. Qe3 Rc7 22. Rxc7 Qxc7 23. e6 Re8 24. exf7+ Qxf7 25. Ne5 Qh5 26. Qb3 Rd8 27. a4 Qh6 28. Qc2 Rc8 29. Qxf5 Rf8 30. Qc2 Be8 31. Ndf3 Nc6 32. Nxc6 Bxc6 33. Qb3 Bb7 34. Re1 Qd6 35. Qb5 h6 36. Re8 Qc7 37. Rxf8+ Kxf8 38. g3 Kg8 39. Qe8+ Kh7 40. Ne5 Ba6 41. Nf7 Qc1+ 42. Kh2 Qc2 43. Qh8+ Kg6 44. Ne5+ Kh5 45. Qe8+ g6 46. Qf7 Be2 47. Nd7 Kg4 48. Qf4+ 1-0

[Event "Asia-ch (Women) Blitz"]
[Site "Al Ain"]
[Date "2025.05.10"]
[Round "7"]
[White "Arshiya, Das"]
[Black "Kaldarova, Ayaulym"]
[Result "0-1"]
[WhiteElo "2174"]
[BlackElo "2115"]
[PlyCount "70"]
[EventDate "2025.05.10"]
[EventType "swiss (blitz)"]
[EventRounds "9"]
[EventCountry "UAE"]
[SourceTitle "CB20_2025"]
[SourceDate "2025.05.14"]
[SourceVersion "1"]
[SourceVersionDate "2025.05.14"]
[SourceQuality "1"]

1. e4 e6 2. d3 d5 3. Nd2 a5 4. g3 a4 5. Bg2 a3 6. Ne2 Nf6 7. 0-0 axb2 8. Bxb2 Be7 9. c4 0-0 10. Qc2 Na6 11. a3 c6 12. Kh1 Nc5 13. e5 Nfd7 14. d4 Na4 15. Bc1 dxc4 16. Nxc4 Ndb6 17. Nxb6 Nxb6 18. Be4 h6 19. f4 Nd5 20. f5 exf5 21. Bxf5 c5 22. Be4 Bh3 23. Rf2 cxd4 24. Ng1 Be6 25. Bb2 Ne3 26. Qd3 Bc5 27. Rd2 Bc4 28. Bh7+ Kh8 29. Qxe3 dxe3 30. Rxd8 Rfxd8 31. Be4 e2 32. Bf3 Rd2 33. Rc1 Rxb2 34. Bxe2 Bxe2 35. Rxc5 Bb5 0-1

[Event "Asia-ch (Women) Blitz"]
[Site "Al Ain"]
[Date "2025.05.10"]
[Round "3"]
[White "Zorigoo, Naranzaya"]
[Black "Kaldarova, Ayaulym"]
[Result "0-1"]
[WhiteElo "1785"]
[BlackElo "2115"]
[PlyCount "60"]
[EventDate "2025.05.10"]
[EventType "swiss (blitz)"]
[EventRounds "9"]
[EventCountry "UAE"]
[SourceTitle "CB20_2025"]
[SourceDate "2025.05.14"]
[SourceVersion "1"]
[SourceVersionDate "2025.05.14"]
[SourceQuality "1"]

1. d4 e6 2. c4 b6 3. Nf3 Bb7 4. g3 Bb4+ 5. Nbd2 Nf6 6. Bg2 0-0 7. 0-0 d5 8. Ne5 c6 9. a3 Bd6 10. Ndf3 Nbd7 11. Nxd7 Nxd7 12. Qc2 Rc8 13. b4 c5 14. dxc5 bxc5 15. cxd5 cxb4 16. Qd2 Bxd5 17. axb4 Qb6 18. Ba3 Nf6 19. Ne1 Ne4 20. Bxe4 Bxe4 21. Ng2 Rc2 22. Qg5 Rxe2 23. Nf4 Rc2 24. Nh5 Bg6 25. Nf4 h6 26. Qh4 Rc4 27. Rac1 Rfc8 28. Rxc4 Rc6 29. Rc5 Rxc5 30. Qh3 Rc4 0-1

[Event "Almaty zt 3.4 (Women)"]
[Site "Almaty"]
[Date "2025.04.08"]
[Round "8"]
[White "Rejepova, Jahan"]
[Black "Kaldarova, Ayaulym"]
[Result "1-0"]
[WhiteElo "2017"]
[BlackElo "2179"]
[PlyCount "153"]
[EventDate "2025.04.02"]
[EventType "swiss"]
[EventRounds "9"]
[EventCountry "KAZ"]
[SourceTitle "CB15_2025"]
[SourceDate "2025.04.09"]
[SourceVersion "1"]
[SourceVersionDate "2025.04.09"]
[SourceQuality "1"]

1. d4 Nf6 2. c4 e6 3. Nf3 b6 4. g3 Ba6 5. Qc2 c5 6. d5 exd5 7. cxd5 Bb7 8. Bg2 Nxd5 9. 0-0 Nc6 10. Rd1 Be7 11. Qa4 Nf6 12. Nh4 0-0 13. Nf5 d5 14. Bg5 Nd4 15. Nxd4 cxd4 16. Rxd4 h6 17. Bxf6 Bxf6 18. Rd2 Qc8 19. Rc2 Qe6 20. Nc3 a6 21. e3 Rac8 22. Qb3 Rc5 23. Rac1 Rfc8 24. Ne2 Rxc2 25. Rxc2 Rxc2 26. Qxc2 Be5 27. Nc3 Bxc3 28. bxc3 Bc6 29. Qd3 b5 30. Qd4 Bb7 31. Kf1 Qf5 32. Ke2 Qb1 33. Qd2 Qg6 34. Bf3 Qc6 35. Qd4 Qg6 36. Qd3 Qc6 37. Kd2 Qf6 38. Ke2 Qc6 39. Qd4 Qg6 40. h4 Qe6 41. Kd2 Qc6 42. Kc2 a5 43. a3 b4 44. axb4 axb4 45. Qxb4 Ba6 46. e4 Bc4 47. exd5 Bxd5 48. Bxd5 Qxd5 49. Qb8+ Kh7 50. Qf4 g6 51. c4 Qe6 52. Kd3 h5 53. Qe4 Qb6 54. Ke2 Qa6 55. Kf3 Qa5 56. Qd5 Qc3+ 57. Kg2 Kg7 58. c5 Qc2 59. c6 Kg8 60. Qd8+ Kg7 61. Qd4+ Kg8 62. Qd5 Kg7 63. Qe5+ Kg8 64. Qd5 Kg7 65. Kf3 Qc3+ 66. Ke4 Qe1+ 67. Kd3 Qd1+ 68. Kc4 Qc2+ 69. Kb5 Qb2+ 70. Kc5 Qa3+ 71. Kb6 Qb4+ 72. Kc7 Qe7+ 73. Kc8 Qf8+ 74. Kd7 Qa8 75. Qd4+ Kh7 76. c7 Qb7 77. Kd8 1-0

[Event "Almaty zt 3.4 (Women)"]
[Site "Almaty"]
[Date "2025.04.07"]
[Round "7"]
[White "Kaldarova, Ayaulym"]
[Black "Assylkhan, Asiya"]
[Result "1-0"]
[WhiteElo "2179"]
[BlackElo "1911"]
[PlyCount "75"]
[EventDate "2025.04.02"]
[EventType "swiss"]
[EventRounds "9"]
[EventCountry "KAZ"]
[SourceTitle "CB15_2025"]
[SourceDate "2025.04.09"]
[SourceVersion "1"]
[SourceVersionDate "2025.04.09"]
[SourceQuality "1"]

1. c4 Nf6 2. g3 e6 3. Bg2 d5 4. Nf3 Be7 5. 0-0 0-0 6. b3 c5 7. cxd5 exd5 8. d4 Nc6 9. Bb2 Ne4 10. dxc5 Bxc5 11. Nc3 Nxc3 12. Bxc3 d4 13. Bb2 Bf5 14. Qd2 Qd6 15. Rfd1 Rad8 16. Qg5 Bg6 17. e3 h6 18. Qh4 d3 19. a3 Qe6 20. Nd2 Ne5 21. b4 Be7 22. Qf4 Bd6 23. Rdc1 b5 24. Qd4 Bb8 25. Qc5 a6 26. Bd4 Rc8 27. Qd5 Rc2 28. Nb3 Rfc8 29. Rf1 Qxd5 30. Bxd5 Nc4 31. Bb7 Rd8 32. Bxa6 Rd5 33. Bb7 Rd6 34. Kg2 d2 35. Bf3 Nb2 36. Rfb1 Nd3 37. Bd1 Rc8 38. Kf1 1-0

[Event "Almaty zt 3.4 (Women)"]
[Site "Almaty"]
[Date "2025.04.05"]
[Round "5"]
[White "Kaldarova, Ayaulym"]
[Black "Sovetbekova, Nurai"]
[Result "1/2-1/2"]
[WhiteElo "2179"]
[BlackElo "1990"]
[PlyCount "91"]
[EventDate "2025.04.02"]
[EventType "swiss"]
[EventRounds "9"]
[EventCountry "KAZ"]
[SourceTitle "CB15_2025"]
[SourceDate "2025.04.09"]
[SourceVersion "1"]
[SourceVersionDate "2025.04.09"]
[SourceQuality "1"]

1. Nf3 d5 2. g3 Nf6 3. Bg2 c5 4. 0-0 e6 5. c4 d4 6. d3 Nc6 7. e3 Bd6 8. exd4 cxd4 9. Bg5 h6 10. Bxf6 Qxf6 11. Nbd2 Qe7 12. Ne4 Bc7 13. a3 a5 14. c5 0-0 15. Nfd2 f5 16. Nd6 Bxd6 17. cxd6 Qxd6 18. Rc1 Bd7 19. Nc4 Qe7 20. Re1 f4 21. Nb6 fxg3 22. hxg3 Rae8 23. Re2 Kh8 24. Qb3 e5 25. Nxd7 Qxd7 26. Qb5 Rf6 27. Rce1 Qf7 28. Bd5 Qg6 29. Qxb7 Ref8 30. Bxc6 Rxc6 31. Qb5 Rcf6 32. Qxe5 Qxd3 33. Qxa5 Qf3 34. Qd2 d3 35. Re8 Qxf2+ 36. Qxf2 Rxf2 37. Rxf8+ Rxf8 38. Rd1 Rc8 39. b4 Rc3 40. b5 Rxa3 41. Rb1 d2 42. Kf2 Rb3 43. Rd1 Rxb5 44. Rxd2 Rb3 45. Rd6 Kh7 46. Rc6 1/2-1/2

[Event "Almaty zt 3.4 (Women)"]
[Site "Almaty"]
[Date "2025.04.04"]
[Round "3"]
[White "Kaldarova, Ayaulym"]
[Black "Tynyshtyk, Diana"]
[Result "1-0"]
[WhiteElo "2179"]
[BlackElo "1970"]
[PlyCount "65"]
[EventDate "2025.04.02"]
[EventType "swiss"]
[EventRounds "9"]
[EventCountry "KAZ"]
[SourceTitle "CB15_2025"]
[SourceDate "2025.04.09"]
[SourceVersion "1"]
[SourceVersionDate "2025.04.09"]
[SourceQuality "1"]

1. Nf3 Nf6 2. c4 g6 3. g3 Bg7 4. Bg2 0-0 5. 0-0 c5 6. Nc3 d5 7. cxd5 Nxd5 8. Nxd5 Qxd5 9. d4 Nc6 10. Be3 cxd4 11. Nxd4 Qc4 12. b3 Qa6 13. Nxc6 bxc6 14. Rc1 Qxa2 15. Bxc6 Bh3 16. Bxa8 Bxf1 17. Kxf1 Rxa8 18. Qd5 Rf8 19. Rc7 e6 20. Qd3 Bf6 21. Rxa7 Qb2 22. Kg2 Rd8 23. Qc4 Qe5 24. b4 Qb8 25. b5 Rc8 26. Qa4 Qd6 27. b6 Qd5+ 28. f3 Rb8 29. Qf4 Qe5 30. Qxe5 Bxe5 31. f4 Bf6 32. b7 Kg7 33. Bb6 1-0

[Event "Wch U20 Girls 41st"]
[Site "Petrovac"]
[Date "2025.03.05"]
[Round "9"]
[White "Kaldarova, Ayaulym"]
[Black "Avetisyan, Ani"]
[Result "1-0"]
[WhiteElo "2248"]
[BlackElo "1904"]
[PlyCount "117"]
[EventDate "2025.02.25"]
[EventType "swiss"]
[EventRounds "11"]
[EventCountry "MNE"]
[SourceTitle "CB11_2025"]
[SourceDate "2025.03.12"]
[SourceVersion "1"]
[SourceVersionDate "2025.03.12"]
[SourceQuality "1"]

1. Nf3 d5 2. g3 c5 3. Bg2 g6 4. c4 d4 5. 0-0 Nc6 6. d3 Bg7 7. Re1 Nf6 8. a3 a5 9. e3 0-0 10. exd4 cxd4 11. Nbd2 Bf5 12. Ng5 Qd7 13. Nde4 Nxe4 14. Nxe4 Ne5 15. Bf4 Rfc8 16. b4 axb4 17. Bxe5 Bxe5 18. axb4 Rxa1 19. Qxa1 b6 20. Qa6 Rb8 21. Ra1 Qc8 22. Qb5 Qc7 23. f4 Bg7 24. Nf2 e5 25. fxe5 Qxe5 26. Qxe5 Bxe5 27. Bd5 Bd6 28. Ra7 Rf8 29. Rb7 Bxb4 30. Rxb6 Bd2 31. g4 Bc8 32. Kg2 Kg7 33. Ne4 Bf4 34. h3 f5 35. gxf5 Bxf5 36. Rb7+ Kh6 37. Re7 g5 38. Nf2 Be3 39. Ng4+ Bxg4 40. hxg4 Rf2+ 41. Kg3 Kg6 42. Be4+ Kf6 43. Rxh7 Ke6 44. c5 Rc2 45. c6 Kf6 46. Rd7 Rc1 47. Bd5 Rc5 48. Kf3 Bg1 49. Ke4 Be3 50. Rh7 Kg6 51. Rf7 Bg1 52. Rf5 Kh6 53. Ke5 Rb5 54. Ke6 Bh2 55. Kd7 Rc5 56. Be4 Be5 57. Rxe5 Rxe5 58. c7 Rc5 59. Bc6 1-0

[Event "Wch U20 Girls 41st"]
[Site "Petrovac"]
[Date "2025.03.04"]
[Round "8"]
[White "Imomkuzieva, Nilufarkhon"]
[Black "Kaldarova, Ayaulym"]
[Result "1/2-1/2"]
[WhiteElo "1983"]
[BlackElo "2248"]
[PlyCount "118"]
[EventDate "2025.02.25"]
[EventType "swiss"]
[EventRounds "11"]
[EventCountry "MNE"]
[SourceTitle "CB11_2025"]
[SourceDate "2025.03.12"]
[SourceVersion "1"]
[SourceVersionDate "2025.03.12"]
[SourceQuality "1"]

1. d4 e6 2. Nf3 Nf6 3. g3 d5 4. c4 Bb4+ 5. Bd2 Be7 6. Bg2 0-0 7. 0-0 c6 8. Qc2 a5 9. Bf4 a4 10. Bxb8 Rxb8 11. Qxa4 Bd7 12. c5 Ne4 13. Qc2 f5 14. Nc3 Bf6 15. e3 Qc7 16. b4 Be8 17. Bh3 Bf7 18. Nd2 Ng5 19. Bg2 e5 20. Ne2 Bg6 21. f4 exf4 22. exf4 Ne6 23. Qd3 b6 24. Rab1 bxc5 25. dxc5 Qa7 26. Rb3 Bh5 27. Nc1 Rxb4 28. Rxb4 Qxc5+ 29. Kh1 Qxb4 30. Qxf5 Bf7 31. Nf3 Nd4 32. Nxd4 Qxd4 33. g4 Qe3 34. Qd7 Be8 35. Qc7 Bg5 36. f5 Bf6 37. Nb3 h6 38. Na5 Qc3 39. Nb7 Qb4 40. Nd8 Bxd8 41. Qxd8 Qxg4 42. f6 Qd7 43. Qb6 Rxf6 44. Rxf6 gxf6 45. a4 Qg4 46. Qg1 Kf8 47. Qa1 Qe6 48. a5 c5 49. a6 Bc6 50. a7 Ba8 51. Qc1 c4 52. Qxh6+ Ke7 53. Qg7+ Kd6 54. Qf8+ Kd7 55. Bf3 Qf5 56. Qxa8 Qxf3+ 57. Kg1 Qg4+ 58. Kf2 Qf4+ 59. Kg2 Qg4+ 1/2-1/2

[Event "Wch U20 Girls 41st"]
[Site "Petrovac"]
[Date "2025.02.26"]
[Round "2"]
[White "Kaldarova, Ayaulym"]
[Black "Guo, Hanxi"]
[Result "1-0"]
[WhiteElo "2248"]
[BlackElo "1854"]
[PlyCount "113"]
[EventDate "2025.02.25"]
[EventType "swiss"]
[EventRounds "11"]
[EventCountry "MNE"]
[SourceTitle "CB11_2025"]
[SourceDate "2025.03.12"]
[SourceVersion "1"]
[SourceVersionDate "2025.03.12"]
[SourceQuality "1"]

1. Nf3 Nf6 2. c4 e6 3. g3 Be7 4. Bg2 0-0 5. 0-0 d5 6. d4 dxc4 7. Qc2 a6 8. a4 Bd7 9. Qxc4 Bc6 10. Bg5 Bd5 11. Qc2 Be4 12. Qc1 c6 13. Rd1 Nbd7 14. Nc3 Bg6 15. a5 h6 16. Bxf6 Nxf6 17. Ne5 Bh7 18. Nc4 Qc7 19. e4 Rad8 20. Qe3 Rfe8 21. Na4 Bb4 22. Nc5 Nd7 23. e5 Re7 24. Nd6 Rb8 25. Rdc1 Bxc5 26. dxc5 Nf8 27. h4 Rd7 28. h5 Qd8 29. Rc4 Qg5 30. Qe2 Bf5 31. Rd4 f6 32. Rad1 fxe5 33. Qxe5 Bc2 34. Qxg5 hxg5 35. Re1 Bb3 36. Re5 Nh7 37. Bh3 Re7 38. Ne4 Bd5 39. Nxg5 Nxg5 40. Rxg5 e5 41. Rd2 Kf7 42. Rf5+ Kg8 43. Bg2 Rd8 44. Rg5 Kf7 45. Be4 Rdd7 46. Bg6+ Kf8 47. Bf5 Be6 48. Rxd7 Bxd7 49. Bxd7 Rxd7 50. Rxe5 Rd2 51. b4 Rd4 52. Rf5+ Ke7 53. Rf4 Rd5 54. g4 Ke6 55. Kg2 Rd3 56. f3 Ke5 57. Rf7 1-0

[Event "Wch Blitz (Women)"]
[Site "New York"]
[Date "2024.12.30"]
[Round "7"]
[White "Kaldarova, Ayaulym"]
[Black "Kairbekova, Amina"]
[Result "0-1"]
[WhiteElo "2144"]
[BlackElo "2309"]
[PlyCount "124"]
[EventDate "2024.12.30"]
[EventType "swiss (blitz)"]
[EventRounds "11"]
[EventCountry "USA"]
[SourceTitle "CB01_2025"]
[SourceDate "2025.01.01"]
[SourceVersion "1"]
[SourceVersionDate "2025.01.01"]
[SourceQuality "1"]

1. Nf3 Nf6 2. c4 g6 3. g3 Bg7 4. Bg2 0-0 5. 0-0 d6 6. Nc3 e5 7. d3 Nc6 8. Rb1 a5 9. b3 Nd4 10. Nxd4 exd4 11. Nb5 Ne8 12. Bb2 c5 13. e3 dxe3 14. fxe3 Qe7 15. Qf3 Rb8 16. Nc3 Nc7 17. Ne4 f5 18. Bxg7 Kxg7 19. Nc3 Bd7 20. Qf2 b5 21. Rbe1 b4 22. Nd5 Nxd5 23. Bxd5 Rbe8 24. d4 Qf6 25. Qf4 g5 26. Qf2 Be6 27. dxc5 dxc5 28. e4 Bxd5 29. exd5 Qd6 30. Rxe8 Rxe8 31. Qxf5 Qe7 32. Kg2 h6 33. Rf2 Rd8 34. Qg4 Re8 35. Qf3 Kg8 36. Qf5 Kg7 37. Qf3 Kg6 38. Qg4 Kg7 39. Qf5 Rd8 40. Kh3 Re8 41. Qg4 h5 42. Qf5 g4+ 43. Kg2 Qe4+ 44. Qxe4 Rxe4 45. Rf5 Re2+ 46. Rf2 Re4 47. Rd2 Kf7 48. d6 Ke8 49. Kf2 Re5 50. Rd3 Kd7 51. Kg2 Re2+ 52. Kf1 Rxh2 53. Rd5 Rxa2 54. Rxh5 Kxd6 55. Rh6+ Ke5 56. Rh5+ Kd4 57. Rd5+ Kc3 58. Rxc5 Kxb3 59. Rg5 a4 60. c5 Rc2 61. Rxg4 a3 62. Rg7 Rxc5 0-1

[Event "Wch Blitz (Women)"]
[Site "New York"]
[Date "2024.12.30"]
[Round "10"]
[White "Kaldarova, Ayaulym"]
[Black "Sahithi Varshini, M."]
[Result "1-0"]
[WhiteElo "2144"]
[BlackElo "2309"]
[PlyCount "99"]
[EventDate "2024.12.30"]
[EventType "swiss (blitz)"]
[EventRounds "11"]
[EventCountry "USA"]
[SourceTitle "CB01_2025"]
[SourceDate "2025.01.01"]
[SourceVersion "1"]
[SourceVersionDate "2025.01.01"]
[SourceQuality "1"]

1. Nf3 d5 2. g3 Nc6 3. d4 Bf5 4. Bg2 Nb4 5. Na3 e6 6. 0-0 Nf6 7. c4 Be7 8. Bf4 0-0 9. Ne5 c6 10. c5 Nd7 11. Qd2 a5 12. Rfe1 Nxe5 13. Bxe5 Bg6 14. e4 b6 15. Qc3 bxc5 16. dxc5 f6 17. Bf4 e5 18. Bd2 d4 19. Qc1 Bf7 20. Bf1 Qb8 21. Nc4 Bxc5 22. a3 Na6 23. Nxa5 Rc8 24. Bxa6 Rxa6 25. Qxc5 Qb5 26. Qxb5 cxb5 27. Rec1 Rca8 28. b4 g6 29. Rc5 Be8 30. Rac1 Kf8 31. Rc7 h5 32. f4 exf4 33. Bxf4 Rd8 34. Rd1 d3 35. Rd2 Re6 36. Rc3 g5 37. Bc7 Rd7 38. Rdxd3 Rxe4 39. Rxd7 Bxd7 40. Bd6+ Kf7 41. Rc7 Ke6 42. Bc5 Re2 43. Nb7 Be8 44. Nd8+ Kf5 45. Re7 Rxe7 46. Bxe7 Ke4 47. Bxf6 g4 48. Nb7 Kd5 49. Be7 Kc4 50. Nd6+ 1-0